China's aerospace strategy / (Record no. 76512)

MARC details
000 -LEADER
fixed length control field 00835nam a22002297a 4500
005 - DATE AND TIME OF LATEST TRANSACTION
control field 20130611162626.0
010 ## - LCCN (DPL NO)
LC control number ENG-107470
020 ## - INTERNATIONAL STANDARD BOOK NUMBER
International Standard Book Number 9789381904428
Terms of availability 880.00
035 ## - SYSTEM CONTROL NUMBER
System control number EN-91003
037 ## - SOURCE OF ACQUISITION
Source of stock number/acquisition DBAD/PUB
082 ## - DEWEY DECIMAL CLASSIFICATION NUMBER
Classification number 338.4762910951
100 ## - MAIN ENTRY--PERSONAL NAME
Personal name Singh,J.V.
245 ## - TITLE STATEMENT
Title China's aerospace strategy /
Statement of responsibility, etc by J.V. Singh ; introduction by Jasjit Singh
260 ## - PUBLICATION, DISTRIBUTION, ETC. (IMPRINT)
Place of publication, distribution, etc New Delhi
Name of publisher, distributor, etc KW Publishers in association with Centre for Air Power Studies
Date of publication, distribution, etc 2013
270 ## - ADDRESS
Address 4676/21, First Floor, Ansari Road, Daryaganj
City New Delhi
Postal code 110002
300 ## - PHYSICAL DESCRIPTION
Extent xxiii, 260 p.
Dimensions 24cm(Hb)
500 ## - GENERAL NOTE
General note Includes index
650 ## - SUBJECT ADDED ENTRY--TOPICAL TERM
Topical term or geographic name as entry element Aerospace industries
Geographic subdivision China.
650 ## - SUBJECT ADDED ENTRY--TOPICAL TERM
Topical term or geographic name as entry element Aerospace industries
General subdivision Military aspects
Geographic subdivision China
650 ## - SUBJECT ADDED ENTRY--TOPICAL TERM
Topical term or geographic name as entry element Aerospace industries
General subdivision Government policy
Geographic subdivision China
942 ## - ADDED ENTRY ELEMENTS (KOHA)
Source of classification or shelving scheme Dewey Decimal Classification
Item type English Books
Call number suffix SIN
Classification part 338.4762910951
Holdings
Withdrawn status Lost status Not for loan Collection code Home library Current library Date acquired Source of acquisition Cost, normal purchase price Full call number Barcode Copy number Cost, replacement price Koha item type
    Not For Loan Non-fiction D.B.Act.Division D.B.Act.Division 07/06/2013 DBAD/PUB 880.00 338.4762910951 SIN EN-91003 1 880.00 English Books

© Delhi Public Library
Hit Counter
free hit counter